<?xml version="1.0" encoding="UTF-8"?>
<record
    xmlns:xsi="http://www.w3.org/2001/XMLSchema-instance"
    xsi:schemaLocation="http://www.loc.gov/MARC21/slim http://www.loc.gov/standards/marcxml/schema/MARC21slim.xsd"
    xmlns="http://www.loc.gov/MARC21/slim">

  <leader>01601nam a2200265 i 4500</leader>
  <controlfield tag="001">6325</controlfield>
  <controlfield tag="003">KOSZ 005</controlfield>
  <controlfield tag="005">20180116082945.0</controlfield>
  <controlfield tag="008">150316s2003    pl a   f f   |100 0 pol</controlfield>
  <datafield tag="040" ind1=" " ind2=" ">
    <subfield code="c">BPK</subfield>
    <subfield code="d">KOSZ 005/EG</subfield>
  </datafield>
  <datafield tag="080" ind1=" " ind2=" ">
    <subfield code="a">519.7/.8</subfield>
  </datafield>
  <datafield tag="084" ind1=" " ind2=" ">
    <subfield code="a">004.94</subfield>
  </datafield>
  <datafield tag="100" ind1="1" ind2=" ">
    <subfield code="a">KRZY&#x17B;Y&#x143;SKI, Tomasz.</subfield>
    <subfield code="d">1997 - .</subfield>
    <subfield code="b">Politechnika Koszali&#x144;ska - Wydzia&#x142; Mechaniczny,</subfield>
    <subfield code="c">Katedra Mechaniki Precyzyjnej - Zak&#x142;ad Mechatroniki</subfield>
  </datafield>
  <datafield tag="245" ind1=" " ind2=" ">
    <subfield code="a">Symulacja w badaniach i rozwoju :</subfield>
    <subfield code="b">zbi&#xF3;r referat&#xF3;w IX Warsztat&#xF3;w Naukowych PTSK, Koszalin-Osieki 28-31 sierpnia 2002 /</subfield>
    <subfield code="c">pod red. Tomasza Krzy&#x17C;y&#x144;skiego i Andrzeja Tylikowskiego ; Polskie Towarzystwo Symulacji Komputerowej, Wydzia&#x142; Mechaniczny Politechniki Koszali&#x144;skiej, Centrum Informatyczne "Kosman".</subfield>
  </datafield>
  <datafield tag="260" ind1=" " ind2=" ">
    <subfield code="a">Warszawa :</subfield>
    <subfield code="b">Wydaw. Uczelniane Politechniki Koszali&#x144;skiej,</subfield>
    <subfield code="c">2003.</subfield>
  </datafield>
  <datafield tag="300" ind1=" " ind2=" ">
    <subfield code="a">303 s. :</subfield>
    <subfield code="b">rys., tab.</subfield>
  </datafield>
  <datafield tag="500" ind1=" " ind2=" ">
    <subfield code="a">Dane z autopsji.</subfield>
  </datafield>
  <datafield tag="520" ind1=" " ind2=" ">
    <subfield code="a">Ksi&#x105;&#x17C;ka zawiera zbi&#xF3;r wyg&#x142;oszonych referat&#xF3;w na Warsztatach Naukowych PTSK "Symulacja w badaniach i rozwoju" o bardzo szerokiej tematyce, kt&#xF3;ra obejmowa&#x142;a mi&#x119;dzy innymi: symulacje w mechanice, fizyce, chemii i informatyce, symulacje r&#xF3;&#x17C;norodych proces&#xF3;w technologicznych i uk&#x142;ad&#xF3;w technicznych, metody numeryczne i algorytmy symulacyjne, inteligencj&#x119; obliczeniow&#x105; oraz symulacje uk&#x142;ad&#xF3;w biologicznych.</subfield>
  </datafield>
  <datafield tag="650" ind1=" " ind2="0">
    <subfield code="a">Cybernetyka matematyczna.</subfield>
  </datafield>
  <datafield tag="650" ind1=" " ind2="0">
    <subfield code="a">Symulacja.</subfield>
  </datafield>
  <datafield tag="650" ind1=" " ind2="0">
    <subfield code="a">Analiza numeryczna.</subfield>
  </datafield>
  <datafield tag="655" ind1=" " ind2="0">
    <subfield code="a">Materia&#x142;y konferencyjne.</subfield>
  </datafield>
  <datafield tag="711" ind1="2" ind2="2">
    <subfield code="a">Warsztaty Naukowe PTSK</subfield>
    <subfield code="n">(9 ;</subfield>
    <subfield code="d">2002 ;</subfield>
    <subfield code="c">Koszalin - Osieki, Polska).</subfield>
  </datafield>
  <datafield tag="942" ind1=" " ind2=" ">
    <subfield code="c">KS</subfield>
    <subfield code="2">UKD</subfield>
  </datafield>
  <datafield tag="999" ind1=" " ind2=" ">
    <subfield code="c">6325</subfield>
    <subfield code="d">6325</subfield>
  </datafield>
  <datafield tag="952" ind1=" " ind2=" ">
    <subfield code="0">0</subfield>
    <subfield code="1">0</subfield>
    <subfield code="4">0</subfield>
    <subfield code="7">0</subfield>
    <subfield code="a">BPK</subfield>
    <subfield code="b">BPK</subfield>
    <subfield code="o">70620</subfield>
    <subfield code="y">KS</subfield>
  </datafield>
</record>
